El condón : artículo pequeño, repercusión gigantesca /

Պահպանված է:
Մատենագիտական մանրամասներ
Հիմնական հեղինակ: Allen, Paul (autor)
Ձևաչափ: Գիրք
Լեզու:իսպաներեն
Հրապարակվել է: Barcelona, España : Oxfam, Intermón Oxfam, 2008, c2008
Շարք:(Dossiers para Entender el Mundo ; 46)
Խորագրեր:
Ցուցիչներ: Ավելացրեք ցուցիչ
Չկան պիտակներ, Եղեք առաջինը, ով նշում է այս գրառումը!

MARC

LEADER 00000nam^a2200000^a^4500
001 000300226
005 20250521000000.0
008 100527 20082008
009 20260310112503.929
020 |a 978-84-8452-409-0 
037 |a Acervo ITESO - Biblioteca 
041 |a ESP 
082 |a 613. 9435  |b ALL 
100 |a Allen, Paul  |e (autor) 
245 1 3 |a El condón :  |b artículo pequeño, repercusión gigantesca /  |c P. Allen ; tr. por Jordi Vidal Tubau. 
264 4 |a Barcelona, España :  |b Oxfam, Intermón Oxfam,  |c 2008, c2008 
300 |a 98 p. 
336 |a texto  |b txt  |2 rdacontenido 
337 |a sin mediación  |b n  |2 rdamedio 
338 |a volumen  |b nc  |2 rdasoporte 
440 1 |a (Dossiers para Entender el Mundo ;  |v 46) 
500 |a Traducción de: Condom 
649 |a XX 
650 |a Preservativos -  |x Tema Principal 
650 |a Control Natal 
650 |a Sexo Seguro 
650 |a Sexualidad 
650 |a Salud Pública 
650 |a Ciencias Médicas 
910 |a Fondo General 
920 |a Impresos - Libros 
930 |a Colección General 
905 |a 101 
901 |a 0500186225  |b IT1  |c ACC  |i C121813  |u 20250521 
902 |a https://opac.biblio.iteso.mx/vufind/Record/000300226